000 02844nam a2200313 a 4500
008 150505s1983 ||||||||||||||||| || u
050 _aGOV.ZAM(05)DPD/1983/62B
110 _aGovernment of the Republic of Zambia. National Assembly
245 1 0 _aRepublic of Zambia. Daily parliamentary debates, official verbatim report of the debates of the fifth session... (1983)
_cBy the National Assembly
260 _aLusaka:
_bGovernment Printer
_c1983
300 _avarious pagings
350 _a0.00
500 _aLIBRARY HOLDINGS:1983,January-February.
650 _aDAILY PARLIAMENTARY DEBATES
995 _aSPECIAL COLLECTIONS
_e03005162
_FCBU-MAIN LIBRARY (Kitwe)
_I0.00
_jGOV.ZAM(05)DPD/1983/62N
_M8
_UAVAILABLE
_WMay 5, 2015
_y03005162
_ZZambiana Collection
995 _aSPECIAL COLLECTIONS
_e03005172
_FCBU-MAIN LIBRARY (Kitwe)
_I0.00
_jGOV.ZAM(05)DPD/1983/62O
_M9
_UAVAILABLE
_WMay 5, 2015
_y03005172
_ZZambiana Collection
995 _aSPECIAL COLLECTIONS
_e03005221
_FCBU-MAIN LIBRARY (Kitwe)
_I0.00
_jGOV.ZAM(05)DPD/1983/62I
_M3
_UAVAILABLE
_WMay 5, 2015
_y03005221
_ZZambiana Collection
995 _aSPECIAL COLLECTIONS
_e03005181
_FCBU-MAIN LIBRARY (Kitwe)
_I0.00
_jGOV.ZAM(05)DPD/1983/62T
_M11
_UAVAILABLE
_WMay 5, 2015
_y03005181
_ZZambiana Collection
995 _aSPECIAL COLLECTIONS
_e03005219
_FCBU-MAIN LIBRARY (Kitwe)
_I0.00
_jGOV.ZAM(05)DPD/1983/62B
_M1
_UAVAILABLE
_WMay 5, 2015
_y03005219
_ZZambiana Collection
995 _aSPECIAL COLLECTIONS
_e03005220
_FCBU-MAIN LIBRARY (Kitwe)
_I0.00
_jGOV.ZAM(05)DPD/1983/62C
_M2
_UAVAILABLE
_WMay 5, 2015
_y03005220
_ZZambiana Collection
995 _aSPECIAL COLLECTIONS
_e03005192
_FCBU-MAIN LIBRARY (Kitwe)
_I0.00
_jGOV.ZAM(05)DPD/1983/62U
_M12
_UAVAILABLE
_WMay 5, 2015
_y03005192
_ZZambiana Collection
995 _aSPECIAL COLLECTIONS
_e03005164
_FCBU-MAIN LIBRARY (Kitwe)
_I0.00
_jGOV.ZAM(05)DPD/1983/62M
_M7
_UAVAILABLE
_WMay 5, 2015
_y03005164
_ZZambiana Collection
995 _aSPECIAL COLLECTIONS
_e03005166
_FCBU-MAIN LIBRARY (Kitwe)
_I0.00
_jGOV.ZAM(05)DPD/1983/62S
_M10
_UAVAILABLE
_WMay 5, 2015
_y03005166
_ZZambiana Collection
995 _aSPECIAL COLLECTIONS
_e03005187
_FCBU-MAIN LIBRARY (Kitwe)
_I0.00
_jGOV.ZAM(05)DPD/1983/62V
_M13
_UAVAILABLE
_WMay 5, 2015
_y03005187
_ZZambiana Collection
995 _aSPECIAL COLLECTIONS
_e03005183
_FCBU-MAIN LIBRARY (Kitwe)
_I0.00
_jGOV.ZAM(05)DPD/1983/62Y
_M14
_UAVAILABLE
_WMay 5, 2015
_y03005183
_ZZambiana Collection
995 _aSPECIAL COLLECTIONS
_e03005222
_FCBU-MAIN LIBRARY (Kitwe)
_I0.00
_jGOV.ZAM(05)DPD/1983/62J
_M4
_UAVAILABLE
_WMay 5, 2015
_y03005222
_ZZambiana Collection
995 _aSPECIAL COLLECTIONS
_e03005223
_FCBU-MAIN LIBRARY (Kitwe)
_I0.00
_jGOV.ZAM(05)DPD/1983/62L
_M6
_UAVAILABLE
_WMay 5, 2015
_y03005223
_ZZambiana Collection
995 _aSPECIAL COLLECTIONS
_e03005226
_FCBU-MAIN LIBRARY (Kitwe)
_I0.00
_jGOV.ZAM(05)DPD/1983/62K
_M5
_UAVAILABLE
_WMay 5, 2015
_y03005226
_ZZambiana Collection
999 _c80102
_d80102